LEADER 01032nam0-22003731i-450- 001 990001182500403321 035 $a000118250 035 $aFED01000118250 035 $a(Aleph)000118250FED01 035 $a000118250 100 $a20000920d1967----km-y0itay50------ba 101 0 $aeng 200 1 $aBayesian decision problems and Markov chains$fJ. J. Martin 210 $aNew York [etc.]$cJohn Wiley$dc1967 225 1 $aOperations Research Society of America$v13 610 0 $aProcessi di markov 610 0 $aTeoria delle decisioni 610 0 $aCatene di markov 610 0 $aTeoria della distribuzione 676 $a519.233 700 1$aMartin,$bJ. J.$0348995 801 0$aIT$bUNINA$gRICA$2UNIMARC 901 $aBK 912 $a990001182500403321 952 $a9-E-34$b7927$fMA1 952 $a9-I-7$b8091$fMA1 959 $aMA1 962 $a60JXX 962 $a62CXX 962 $a60EXX 962 $a62EXX 996 $aBayesian decision problems and Markov chains$9342440 997 $aUNINA DB $aING01 LEADER 01136nam 2200385 450 001 9910817410303321 005 20200102150658.0 010 $a1-83982-017-9 035 $a(CKB)4100000010011100 035 $a(MiAaPQ)EBC5992518 035 $a(Au-PeEL)EBL5992518 035 $a(OCoLC)1130904582 035 $a(EXLCZ)994100000010011100 100 $a20200102d2019 uy 0 101 0 $aeng 135 $aurcnu|||||||| 181 $ctxt$2rdacontent 182 $cc$2rdamedia 183 $acr$2rdacarrier 200 00$aOrganizational change in open innovation /$fguest editor, Marta Peris-Ortizv and Francisco Linan 210 1$aBradford, West Yorkshire :$cEmerald Publishing,$d2019. 215 $a1 online resource (111 pages) 311 $a1-83982-016-0 606 $aOrganizational change 615 0$aOrganizational change. 676 $a658.406 702 $aPeris-Ortizv$b Marta 702 $aLinan$b Francisco 801 0$bMiAaPQ 801 1$bMiAaPQ 801 2$bMiAaPQ 906 $aBOOK 912 $a9910817410303321 996 $aOrganizational change in open innovation$93921119 997 $aUNINA